000 00621cam a22002173a 4500
001 37387
003 PGUSA
005 20140828083823.0
008 110911s2011||||xxu|||||s|||||000 | eng d
040 _aPGUSA
_beng
042 _adc
100 1 _aDonne, John,
_d1572-1631
245 1 0 _aLetters to Severall Persons of Honour
_h[electronic resource] /
_cJohn Donne
260 _bProject Gutenberg,
_c2011
506 _aPublic domain in the USA.
516 _aElectronic text
700 1 _aMerrill, Charles Edmund
830 0 _aProject Gutenberg
_v37387
856 4 0 _uhttp://www.gutenberg.org/ebooks/37387
942 _cEB
999 _c266641
_d266641